Регионална библиотека "Любен Каравелов" - Русе

Казуси по криминалистика и по съдебни експертизи (Запис номер 148439)

MARC детайли
000 -Лидер
Контролно поле с фиксирана дължина 01581nam a2200397 c 4500
003 - Код на организацията, давaща контролен номер
Контролно поле BLK
005 - Дата и час на последна редакция
Контролно поле 20240626165722.0
008 - Елементи от данни с фиксирана дължина
fixed length control field 180410b bul|||||r ||||||| ||bul||
010 ## - Наследен системен номер
LC control number KNG00154662000
020 ## - Международен стандартен номер на книга ISBN
Международен стандартен номер на книга ISBN 978-954-9499-87-2
040 ## - Източник на каталожния запис
Идентификатор на билиотеката - собственик на записа BLK
041 ## - Код за език
Код за езика на текст/звукозапис или на отделно заглавие Български
Код за езика КДБФ Български
072 #7 - Код за тематичната категория
Код организация bullib
Код за тематична категория Н34
Текст Право Н
080 ## - УДК
Текстов определител УДК Помощни науки на наказателното право. Криминология. Криминалистика - Видове престъпници, анатомия, физиология на престъпниците
УДК код - определител по УДК 343.9
УДК - код + определител 343.9
100 1# - Редна дума - Автор
Автор Георгиев, Людмил Руменов
Авторска отговорност първи автор
R(LIN) 260230
139 ## - Редно поле
Редна дума Георгиев, Людмил Руменов
Авторски знак Георгиев - Г 37
245 10 - Сведения за заглавието
Заглавие Казуси по криминалистика и по съдебни експертизи
Редно поле (дума) Людмил Руменов Георгиев.
257 ## - Страна на издаване
Страна на създаване/издаване България
260 ## - Област на издателските данни
Име на издателя, разпространителя и проч. Фенея
Година на издаване 2012
300 ## - Физическа характеристика
Страници 236 с.
Размери/Мащаб 22 см
380 ## - Жанр
Жанр Обществени науки
500 ## - Общи забележки
Забележка За автора. - Библиогр. с. 227-231.
650 #4 - Допълнително описание по предмет – тема
Основно описание – тема или топоним Криминалистика
9 (RLIN) 159702
650 #4 - Допълнително описание по предмет – тема
Основно описание – тема или топоним Съдебномедицински експертизи
9 (RLIN) 172941
653 ## - Ключова дума – ненормативна
Ключова дума престъпления
653 ## - Ключова дума – ненормативна
Ключова дума криминалистика
653 ## - Ключова дума – ненормативна
Ключова дума съдебни експертизи
659 ## - Тематичен бюлетин
Тематичен бюлетин Н
852 ## - Местоположение
Форматна сигнатура Цб 267700
856 4# - Електронен адрес и достъп
Електронен формат pdf - файл
856 4# - Електронен адрес и достъп
Електронен формат pdf - файл
999 ## - СИСТЕМНИ КОНТРОЛНИ НОМЕРА
Koha biblionumber 148439
Koha biblioitemnumber 148439
942 ## - АРТИКУЛИ
Вид на библиотечния материал Книги
Скрит в OPAC Не
Koha issues (borrowed), all copies 7
944 ## - СЪЗДАВАНЕ И РЕДАКЦИЯ на ЗАПИСА
Създаване/Редакция Създаване
Дата на регистрацията/редакция 11.12.2013
Статус, дата на статуса Цветелина Шанова
Служител, извършил регистрацията/редакцията 30531
944 ## - СЪЗДАВАНЕ И РЕДАКЦИЯ на ЗАПИСА
Създаване/Редакция Редакция
Дата на регистрацията/редакция 25.09.2014
Статус, дата на статуса ф /
999 ## - СИСТЕМНИ КОНТРОЛНИ НОМЕРА
Koha biblioitemnumber 148439
Наличности
Код за отписване Код за изгубен артикул Код за повреда Коз за рестрикции Код за отдаване Артикулен № Име на библиотеката - собственик Име на библиотеката, в която се намира в момента Статус (Текущо местоположение) Дата на вписване в системата Местоположение - отдел Цена в лева Инвентарен номер Систематично азбучна сигнатура Баркод Номер на екземпляра Цена в евро Служебна бележка Служебен тип на артикула Източник на класификационната схема
  Не е изгубен Не е повреден без рестрикции ползва се в читалня 246877 Регионална библиотека "Любен Каравелов" Русе Регионална библиотека "Любен Каравелов" Русе Хранилище 2014-01-24 Хранилище 12.80 120000773765 Цб 267700 120000773765 1 6.54 Дост: Dp Вид: Д N: 2 Дата: 15.01.2013 Книги  
  Не е изгубен Не е повреден без рестрикции заемане за дома 730881 Регионална библиотека "Любен Каравелов" Русе Регионална библиотека "Любен Каравелов" Русе Заемна - подръчен фонд 2019-07-18 Заемна - подръчен фонд 12.80   П 343/Г 37 120000834517   6.54   Книги Universal Decimal Classification
Vip Innovations Ltd, Rousse, Bulgaria 2025